5HLuxD.jpg

KING HENRY VIII SENIOR AND PRIMARY SCHOOL LIBRARY OPAC

Would you rather be a tadpole? / (Record no. 2422)

000 -LEADER
fixed length control field 01453cam a2200397 a 4500
001 - CONTROL NUMBER
control field 867581
003 - CONTROL NUMBER IDENTIFIER
control field OSt
005 - DATE AND TIME OF LATEST TRANSACTION
control field 20230510095534.0
008 - FIXED-LENGTH DATA ELEMENTS--GENERAL INFORMATION
fixed length control field 200406s2011 enka b 001 0 eng d
020 ## - INTERNATIONAL STANDARD BOOK NUMBER
International Standard Book Number 9780007433094
Qualifying information (paperback) :
040 ## - CATALOGING SOURCE
Original cataloging agency TWTCL
Language of cataloging eng
Transcribing agency TWTCL
Description conventions aacr
Modifying agency KH8
041 0# - LANGUAGE CODE
Language code of text/sound track or separate title eng
042 ## - AUTHENTICATION CODE
Authentication code nbic
082 0# - DEWEY DECIMAL CLASSIFICATION NUMBER
Classification number 577.636 WOR
100 1# - MAIN ENTRY--PERSONAL NAME
Personal name Worth, Bonnie.
Relator term Author
245 10 - TITLE STATEMENT
Title Would you rather be a tadpole? /
Statement of responsibility, etc. by Bonnie Worth ; illustrated by Aristides Ruiz and Joe Mathieu.
246 1# - VARYING FORM OF TITLE
Display text Subtitle on cover :
Title proper/short title All about pond life.
264 #1 - PRODUCTION, PUBLICATION, DISTRIBUTION, MANUFACTURE, AND COPYRIGHT NOTICE
Place of production, publication, distribution, manufacture London :
Name of producer, publisher, distributor, manufacturer HarperCollins Children's Books,
Date of production, publication, distribution, manufacture, or copyright notice 2011.
300 ## - PHYSICAL DESCRIPTION
Extent 45 pages :
Other physical details color illustrations ;
Dimensions 23 cm.
336 ## - CONTENT TYPE
Content type term text
Content type code txt
Source rdacontent.
337 ## - MEDIA TYPE
Media type term unmediated
Media type code n
Source rdamedia.
338 ## - CARRIER TYPE
Carrier type term volume
Carrier type code nc
Source rdacarrier.
490 1# - SERIES STATEMENT
Series statement The Cat in the Hat's learning library.
500 ## - GENERAL NOTE
General note Based on the characters created by Dr Seuss.
500 ## - GENERAL NOTE
General note Includes index.
520 0# - SUMMARY, ETC.
Summary, etc. From the top to the bottom I think that you'll see that this pond here is lively as lively can be. Join the Cat in the Hat as he introduces beginning readers to ponds.
521 ## - TARGET AUDIENCE NOTE
Target audience note 4-8.
650 #0 - SUBJECT ADDED ENTRY--TOPICAL TERM
Topical term or geographic name entry element Pond animals
Form subdivision Juvenile literature.
650 #0 - SUBJECT ADDED ENTRY--TOPICAL TERM
Topical term or geographic name entry element Pond plants
Form subdivision Juvenile literature.
653 ## - INDEX TERM--UNCONTROLLED
Uncontrolled term KF.
700 1# - ADDED ENTRY--PERSONAL NAME
Personal name Ruiz, Aristides.
Relator term ill.
700 1# - ADDED ENTRY--PERSONAL NAME
Personal name Mathieu, Joe,
Dates associated with a name 1949-
Relator term ill.
700 1# - ADDED ENTRY--PERSONAL NAME
Personal name Seuss,
Titles and other words associated with a name Dr.
830 #0 - SERIES ADDED ENTRY--UNIFORM TITLE
Uniform title Cat in the Hat's learning library.
942 ## - ADDED ENTRY ELEMENTS (KOHA)
Source of classification or shelving scheme
Koha item type Books - Non Ficton
Holdings
Withdrawn status Lost status Source of classification or shelving scheme Damaged status Not for loan Collection code Permanent Location Current Location Shelving location Date acquired Total Checkouts Full call number Barcode Date last seen Date last checked out Price effective from Koha item type
          Non-Fiction KH8 Primary School Library KH8 Primary School Library Non Fiction 2023-05-10 2 577.636 WOR KHPL000004173 2025-12-05 2025-08-28 2023-05-10 Books - Non Ficton

Powered By KH8 IT Dept